Score 0/18 Timer 03:00
0 Plays Today
Hint Answer % Correct
Five
97.6%
Fresh
97.4%
Files
97%
Full
95.2%
Family
94.5%
Fear
91.6%
Friday
91.6%
Freaks
91.3%
Foot
87.6%
Hint Answer % Correct
Feud
84.6%
Facts
78.7%
Favorite
75.9%
Fairly
74.5%
Fawlty
71.9%
Fabulous
67.7%
Father
67%
Fools
47.8%
Flux
46.4%
Remove Ads.
Support Sporcle.
Get the best of Sporcle when you Go Orange. This ad-free experience offers more features, more stats, and more fun while also helping to support Sporcle. Thank you for becoming a member.

You're not logged in!

Compare scores with friends on all Sporcle quizzes.
OR
Log In

Show Comments

Extras

Top Quizzes Today


Score Distribution

Your Account Isn't Verified!

In order to create a playlist on Sporcle, you need to verify the email address you used during registration. Go to your Sporcle Settings to finish the process.

Report this User

Report this user for behavior that violates our Community Guidelines.

Details: